00727 2200265 4500001002100000005001500021035002000036245015000056100001800206250001500224300002100239700002300260700001600283260003500299082000800334084001400342020002200356650002300378990001000401990001000411990001000421990001000431990001000441990001000451INLIS00000000003078620200813011610 a0010-08200000441 aKekuatan Berpikir Positif :b101 Kisah Inspiratif tentang Mengubah Hidup dengan Berpikir Positif /cJack Canfield; MarkVictor ansen ; Amy Newmark0 aJack Canfield acetakan 15 a487 hal ;c20 cm0 aMark Victor Hansen0 aAmy Newmark aJakarta :bPT. Gramedia,c2019 a153 a153 JAC k a978-602-03-0746-6 4aPhisikologi Mental a48684 a48685 a48685 a48684 a48685 a48684